000 00622nam a2200121Ia 4500
008 220615s9999||||xx |||||||||||||| ||und||
245 0 _aLearning English Out of School: An Inclusive Approach to Research and Action
546 _aEnglish[eng]
650 _aAction||Activism||Approach||Claudia||Collaboration||Creativity||Emilee||English||Foreign language||Inclusive||Informal education||Learning||Moore||Nonformal education||School||Teaching||Vallejo||Winkelkötter||youth
700 _aMoore, Emilee||Vallejo, Claudia
856 _uhttps://library.oapen.org/bitstream/20.500.12657/52147/1/9783631862261.pdf
942 _cEB
999 _c10249
_d10249